Маркетинговые коммуникации: учебник для вузов

Podrobná bibliografie
Hlavní autor: Синяева И. М. Инга Михайловна
Další autoři: Земляк С. В. (редактор), Синяев В. В., Дашков Л. П.
Shrnutí:Учебник подготовлен в соответствии с требованиями Государственного образовательного стандарта. В нем рассматриваются содержание маркетинговых коммуникаций, концепция, принципы организации рыночного взаимодействия. Особое внимание уделяется понятию интегрированных маркетинговых коммуникаций. В учебнике представлены элементы коммуникационного комплекса — реклама, выставочный маркетинг, персональные продажи и паблик рилейшнз, стимулирование сбыта. Раскрыт механизм комплексной оценки эффективности интегрированных коммуникаций. Для студентов, преподавателей, аспирантов, слушателей бизнес-школ, институтов повышения квалификации, а также руководителей российских организаций.
Jazyk:ruština
Vydáno: Москва, Дашков и К, 2010
Vydání:4-е изд.
Témata:
Médium: MixedMaterials Kniha
KOHA link:https://koha.lib.tpu.ru/cgi-bin/koha/opac-detail.pl?biblionumber=180350

MARC

LEADER 00000nam0a2200000 4500
001 180350
005 20231101223535.0
010 |a 9785394008184 
035 |a (RuTPU)RU\TPU\book\195502 
035 |a RU\TPU\book\92869 
035 |a RU\TPU\book\124658 
035 |a RU\TPU\book\160620 
090 |a 180350 
100 |a 20070504d2010 m y0rusy50 ca 
101 0 |a rus 
102 |a RU 
105 |a y j 001zy 
200 1 |a Маркетинговые коммуникации  |e учебник для вузов  |f И. М. Синяева, С. В. Земляк, В. В. Синяев  |g под ред. Л. П. Дашкова 
205 |a 4-е изд. 
210 |a Москва  |c Дашков и К  |d 2010 
215 |a 324 с. 
320 |a Словарь терминов: с. 301-319. 
320 |a Библиогр.: с. 320-323. 
330 |a Учебник подготовлен в соответствии с требованиями Государственного образовательного стандарта. В нем рассматриваются содержание маркетинговых коммуникаций, концепция, принципы организации рыночного взаимодействия. Особое внимание уделяется понятию интегрированных маркетинговых коммуникаций. В учебнике представлены элементы коммуникационного комплекса — реклама, выставочный маркетинг, персональные продажи и паблик рилейшнз, стимулирование сбыта. Раскрыт механизм комплексной оценки эффективности интегрированных коммуникаций. Для студентов, преподавателей, аспирантов, слушателей бизнес-школ, институтов повышения квалификации, а также руководителей российских организаций. 
451 1 |0 (RuTPU)RU\TPU\book\124658  |y 5-91131-307-3  |t Маркетинговые коммуникации  |o учебник для вузов  |f И. М. Синяева, С. В. Земляк, В. В. Синяев  |g под ред. Л. П. Дашкова  |e 2-е изд.  |c М.  |n Дашков и К  |d 2007  |p 304 с.  |a Синяева, Инга Михайловна 
606 1 |a Маркетинг  |2 stltpush  |3 (RuTPU)RU\TPU\subj\41036  |9 60857 
610 1 |a экономика 
610 1 |a маркетинговые коммуникации 
610 1 |a реклама 
610 1 |a паблик рилейшнз 
610 1 |a PR 
610 1 |a связи с общественностью 
610 1 |a деловые коммуникации 
610 1 |a продажи 
610 1 |a личные продажи 
610 1 |a телемаркетинг 
610 1 |a торговые агенты 
610 1 |a сбыт 
610 1 |a упаковка 
610 1 |a выставки 
610 1 |a ярмарки 
610 1 |a электронная торговля 
610 1 |a экономическая эффективность 
610 1 |a учебники 
686 |a У9(2)212.4я73  |v LBC/SL-A  |2 rubbk 
700 1 |a Синяева  |b И. М.  |g Инга Михайловна 
701 1 |a Земляк  |b С. В. 
701 1 |a Синяев  |b В. В. 
702 1 |a Дашков  |b Л. П.  |4 340 
801 1 |a RU  |b 63413507  |c 20100514 
801 2 |a RU  |b 63413507  |c 20121004  |g RCR 
942 |c BK 
959 |a 31/20100513  |d 1  |e 176,00  |f ЧЗГЛ:1